000 00648cam a22001934a 4500
005 20250605164349.0
008 250528s ||||||||||||||||||||||||d
035 _a24101
040 _aGR-AtMCL
_bgre
_dGR-AtMCL
_eAACR2
245 1 _aRefugees and Asylum Seekers / Special Issue
260 _c2007
300 _a63
520 _aNegotiating Research Access, Statutory Regulation - Lords Debate, Traumatic Stress, From the Front Line, Negotiating Access - Foot in the Door... or Door in the Face.
700 1 _aSutton Jon
_99351
942 _cCR
710 2 _aThe British Psychological Society
_99823
999 _c9000
_d9000